Strategic Management Cases
Salvato in:
| Natura: | Libro |
|---|---|
| Lingua: | inglese |
| Pubblicazione: |
Reading
Addison-Wesley Publ. Co.
1991
|
| Edizione: | 1. ed. |
| Soggetti: | |
| Tags: |
Nessun Tag, puoi essere il primo ad aggiungerne!!
|
MARC
| LEADER | 00000nam a2200000 4500 | ||
|---|---|---|---|
| 001 | c010449 | ||
| 005 | 20221206114940.6 | ||
| 020 | |a 0-201-54616-7 | ||
| 041 | 0 | |a eng | |
| 044 | |a US | ||
| 245 | 1 | 0 | |a Strategic Management Cases |
| 250 | |a 1. ed. | ||
| 264 | 1 | |a Reading |b Addison-Wesley Publ. Co. |c 1991 | |
| 300 | |a 769 s. | ||
| 610 | 2 | 0 | |a manažment strategický |
| 610 | 2 | 0 | |a štúdie prípadové |
| 610 | 2 | 0 | |a plánovanie strategické |
| 610 | 2 | 0 | |a priemysel |
| 610 | 2 | 0 | |a bankovníctvo |
| 610 | 2 | 0 | |a podnik malý |